| 000 | 00492nam a2200193Ia 4500 | ||
|---|---|---|---|
| 005 | 20240823012709.0 | ||
| 008 | 240823s9999||||xx |||||||||||||| ||und|| | ||
| 020 | _a0-07-112554-X | ||
| 041 | _aENGLISH | ||
| 082 | _A004.22 N1 | ||
| 100 | _a"Bartee,Thomas C" | ||
| 245 | 0 | _aComputer Architecture and Logic Design | |
| 250 | _a1st | ||
| 260 |
_c1991 _b"MGH,New York" |
||
| 500 | _aTRANSFERED | ||
| 650 |
_aComputer Architecture _bComputer Applications |
||
| 942 | _cBK | ||
| 999 |
_c165139 _d165139 |
||